000 005710000a22001810004500
090 _aAR
_b01277
245 1 0 _aCladistical analysis of g-banded chromosomes of nectar feeding bats (<Glossophaginae: Phyllostomidae>)
650 1 4 _aCladística
_912117
650 1 4 _aEvolución
_992797
650 1 4 _aSistemática animal
_992968
650 1 4 _aMurciélagos
_92659
653 _fPhyllostomidae
041 0 _aInglés
700 1 _aBaker, Robert J.
_994497
100 1 _aHaiduk, Michael W.
_994565
942 _cARTICULO
773 1 _tSystematic Zoology
_3466
_h3
_q252-265
_d1982
_g31
999 _c10362
_d10362